| 000 | 00414nam a2200157Ia 4500 | ||
|---|---|---|---|
| 008 | 151213s9999 xx 000 0 und d | ||
| 020 | _a978-0-19-567698-3 | ||
| 100 | _aJonathon Law | ||
| 245 |
_aOxford Language Reference ( 1) _cJonathon Law |
||
| 260 |
_aNew Delhi _bOxford University Press _c2001 |
||
| 300 | _a7140 p. | ||
| 650 | _aDictionary | ||
| 650 | _aReference | ||
| 700 | _aJonathon Law | ||
| 999 |
_c3783 _d3783 |
||